LDR 00995naa#a2200241#i#450# 001 EN\\bibl\119652 005 20260630051222.2 011 ## _a2077-7566 100 ## _a20260629b2026####ek#y0engy0150####ca 101 0# _aRUS 102 ## _aRU 200 1# _aEVALUATION OF THE EFFECTIVENESS OF USING SELF-ETCHING SILANE PRIMERS IN COMPARISON WITH A STANDARD PROTOCOL FOR LITHIUM DISILICATE CERAMICS SURFACE TREATMENT (LITERATURE REVIEW) _eJournal article 210 1# _aEkaterinburg _cTIRAZH Publishing House _d2026 215 ## _a6 с. 608 ## _aJournal article _2local 675 ## _aОртодонтия. Челюстно-лицевая ортопедия. Исправление положения зубов. 616.314-089.23 _zRUS 686 ## _aКлиническая медицина. 76.29 _2grnti 700 #1 _aShlyk _gAndrey D. 700 #1 _aLazarova _gAlina Aleksandrovna 700 #1 _aGilmanova _gNatalia S. 700 #1 _aRudova _gAnna Il'yasovna 700 #1 _aGhezbaf Nejad _gMelika 856 4# _adental-press.ru _u